[Event "Challenge"]
[Site "http://www.queenalice.com/game.php?id=122401"]
[Date "2006.10.27"]
[Round "-"]
[White "maclaugh"]
[Black "MikeJK"]
[Result "1-0"]
[WhiteElo "1461"]
[BlackElo "1164"]

1. d4 Nf6 2. e3 d5 3. f4 Ne4 4. Qf3 e6 5. Bd3 f5 6. c4 c6 7. c5 a6 8. Bxe4 dxe4
9. Qh3 g6 10. Nd2 Be7 11. Nc4 Qd5 12. Nb6 Qd8 13. Nxa8 Nd7 14. Bd2 h5 15. b4 b5
16. a4 bxa4 17. Rxa4 Bf6 18. Ne2 e5 19. dxe5 Nxe5 20. fxe5 Bxe5 21. Nd4 Qd5 22.
Nb6 Bb7 23. Nxd5 cxd5 24. O-O Kd7 25. b5 axb5 26. Ra7 Kc7 27. Ne6+ Kc6 28. Qh4
Bb8 29. Nf4 Bxa7 30. Qf6+ Kxc5 31. Qxh8 g5 32. Ne6+ Kd6 33. Nxg5 Bb6 34. Rxf5
Bd8 35. Qxd8+ Kc5 36. Qe7+ Kb6 37. Rf6+ Ka7 38. Qc5+ Kb8 39. Rf8+ Bc8 40. Qxc8+
Ka7 41. Qc7+ Ka6 42. Rf6# 1-0

[Event "Challenge"]
[Site "http://www.queenalice.com/game.php?id=128516"]
[Date "2006.11.12"]
[Round "-"]
[White "shimella"]
[Black "maclaugh"]
[Result "0-1"]
[WhiteElo "1239"]
[BlackElo "1509"]

1. e4 e5 2. Nf3 f6 3. d3 g5 4. c4 c5 5. d4 cxd4 6. a3 d6 7. h4 g4 8. Nfd2 h5 9.
b4 f5 10. c5 dxc5 11. bxc5 Bxc5 12. exf5 Bxf5 13. Bb5+ Nc6 14. Nc4 e4 15. Bxc6+
bxc6 16. Bg5 Qd5 17. Nbd2 Ne7 18. Bf6 Rf8 19. Bg5 e3 20. Nd6+ Bxd6 21. Qb1 Bxb1
22. Rxb1 Qxg2 23. Rf1 exf2+ 24. Ke2 Bxa3 25. Ra1 Bb4 26. Ra4 Bxd2 27. Bxd2 Qf3#
0-1

[Event "Challenge"]
[Site "http://www.queenalice.com/game.php?id=133020"]
[Date "2006.11.24"]
[Round "-"]
[White "Electric_Lettuce"]
[Black "maclaugh"]
[Result "1-0"]
[WhiteElo "1551"]
[BlackElo "1515"]

1. e4 e5 2. Nc3 d6 3. Nf3 f5 4. Bc4 f4 5. O-O h6 6. d4 Nf6 7. dxe5 dxe5 8. Qxd8+
Kxd8 9. Nxe5 Rh7 10. Bxf4 g5 11. Nf7+ Ke8 12. Bxc7 Nc6 13. Rad1 Bd7 14. e5 Rc8
15. Bd6 Nd8 16. Rfe1 Rxc4 17. Nxd8 Kxd8 18. Bxf8 Rf7 19. Bxh6 Nh7 20. e6 Re7 21.
Nd5 Rxe6 22. Rxe6 Rxc2 23. Nf6 Nxf6 24. Bxg5 Kc7 25. Rxf6 Ba4 26. Bf4+ Kc8 27.
Rf8+ Be8 28. Rxe8# 1-0

[Event "Challenge"]
[Site "http://www.queenalice.com/game.php?id=133021"]
[Date "2006.11.24"]
[Round "-"]
[White "maclaugh"]
[Black "Electric_Lettuce"]
[Result "1/2-1/2"]
[WhiteElo "1507"]
[BlackElo "1566"]

1. d4 d5 2. e3 Nf6 3. f3 c5 4. dxc5 e5 5. b4 Be7 6. Bb2 Nc6 7. c3 O-O 8. Nd2 b6
9. c4 bxc5 10. b5 Na5 11. Bxe5 dxc4 12. Nxc4 Be6 13. Rc1 Nxc4 14. Bxc4 Qxd1+ 15.
Kxd1 Rad8+ 16. Ke1 Bd6 17. Bxf6 gxf6 18. Ne2 Rb8 19. a4 Rfe8 20. e4 Bxc4 21.
Rxc4 a6 22. g4 axb5 23. axb5 Rxb5 24. Kf2 Reb8 25. f4 Rb4 26. Rc3 Rxe4 27. Rg1
c4 28. g5 Bc5+ 29. Kf3 Rxe2 30. gxf6+ Kf8 31. Rg5 Bd4 32. Rxc4 Re3+ 33. Kg4 Bxf6
34. Rh5 Ke7 35. Rxh7 Rg8+ 36. Kf5 Rc3 37. Re4+ Kf8 38. Kxf6 Rg6+ 39. Kf5 Kg8 40.
Rh5 Kg7 41. Re8 Rc7 42. Reh8 Rc5+ 43. Ke4 Re6+ 44. Kd4 Rxh5 45. Rxh5 f6 46. f5
Re5 47. h4 1/2-1/2

[Event "shimrah"]
[Site "http://www.queenalice.com/game.php?id=134254"]
[Date "2006.11.27"]
[Round "1"]
[White "brooknewton"]
[Black "maclaugh"]
[Result "0-1"]
[WhiteElo "1439"]
[BlackElo "1501"]

1. e4 e5 2. c4 d6 3. f3 c5 4. d3 g6 5. a3 f5 6. g4 f4 7. h4 g5 8. hxg5 Qxg5 9.
Rh5 Qg6 10. Bh3 Nf6 11. Rh4 Be7 12. Bg2 Nxe4 13. Rh3 Ng5 14. Rh1 Nc6 15. Qa4
Qxd3 16. Bf1 Nxf3+ 17. Nxf3 Qxf3 18. Rh3 Qxg4 19. Rh6 Bd7 20. Qb5 Qg3+ 21. Ke2
Nd4+ 22. Kd2 Nxb5 23. Rh3 Bxh3 24. Bd3 Nd4 25. Nc3 Qe3+ 26. Kd1 Qxd3+ 27. Bd2
Bg4+ 28. Ke1 Bh4# 0-1

[Event "Challenge"]
[Site "http://www.queenalice.com/game.php?id=138238"]
[Date "2006.12.7"]
[Round "-"]
[White "fizzo"]
[Black "maclaugh"]
[Result "0-1"]
[WhiteElo "1273"]
[BlackElo "1500"]

1. e4 e5 2. Bc4 d6 3. Qf3 f6 4. d4 Ne7 5. dxe5 dxe5 6. Ne2 Nbc6 7. O-O Qd6 8. g3
Nd4 9. Qd3 Nec6 10. c3 Nxe2+ 11. Qxe2 Bh3 12. Qh5+ g6 13. Qxh3 a6 14. f4 Qc5+
15. Rf2 Qxc4 16. Rd2 Bd6 17. b3 Qxe4 18. Qe6+ Be7 19. Rd7 Rd8 20. Rxe7+ Nxe7 21.
Qxf6 Rd1+ 22. Kf2 Qc2+ 23. Bd2 Rf8 24. Qxe5 Rf5 25. Na3 Qxd2+ 26. Qe2 Qxe2+ 27.
Kxe2 Rxa1 0-1

[Event "Challenge"]
[Site "http://www.queenalice.com/game.php?id=142381"]
[Date "2006.12.16"]
[Round "-"]
[White "maclaugh"]
[Black "shimella"]
[Result "1-0"]
[WhiteElo "1527"]
[BlackElo "1300"]

1. d4 d6 2. e4 e5 3. d5 Nf6 4. Bd3 Bg4 5. f3 Bd7 6. Ne2 c6 7. f4 cxd5 8. exd5
Nxd5 9. Be4 Nxf4 10. Nxf4 exf4 11. Bxb7 Qa5+ 12. Bd2 Qe5+ 13. Qe2 Bc6 14. Bxa8
Bxa8 15. Nc3 Bxg2 16. Rg1 Bh3 17. O-O-O h5 18. Bxf4 Qe6 19. Qb5+ Nd7 20. Rge1
Qxe1 21. Rxe1+ Be7 22. Bxd6 O-O 23. Bxe7 Rb8 24. Qxh5 Nf6 25. Bxf6 gxf6 26. Qh6
f5 27. Rg1+ Bg4 28. h3 Rd8 29. hxg4 f6 30. Qxf6 fxg4 31. Rxg4+ Kh7 32. Qg7# 1-0

[Event "shimrah"]
[Site "http://www.queenalice.com/game.php?id=145704"]
[Date "2006.12.24"]
[Round "2"]
[White "maclaugh"]
[Black "shimella"]
[Result "1-0"]
[WhiteElo "1519"]
[BlackElo "1308"]

1. d4 d5 2. e3 Nf6 3. f3 c6 4. Ne2 e6 5. g4 Bb4+ 6. c3 Ba5 7. Ng3 Qd6 8. g5 Nfd7
9. f4 f6 10. gxf6 Nxf6 11. h4 Ne4 12. Qg4 O-O 13. h5 Nxg3 14. Qxg3 c5 15. h6 Rf7
16. Rh5 e5 17. dxe5 Qb6 18. Bg2 Rd7 19. Bxd5+ Rxd5 20. Qxg7# 1-0

[Event "Challenge"]
[Site "http://www.queenalice.com/game.php?id=152402"]
[Date "2007.1.10"]
[Round "-"]
[White "maclaugh"]
[Black "lepiaf"]
[Result "0-1"]
[WhiteElo "1539"]
[BlackElo "1577"]

1. d4 d5 2. e3 Nc6 3. c3 Nf6 4. Bd3 g6 5. Ne2 Qd6 6. Na3 e5 7. Nb5 Qd7 8. dxe5
Nxe5 9. Ned4 a6 10. Qa4 c6 11. O-O Nxd3 12. Nxc6 Nc5 13. Qf4 axb5 14. Qxf6 Rg8
15. Ne5 Qe7 16. Qf4 Bg7 17. Nf3 Nd3 18. Qg5 Nxc1 19. Qxe7+ Kxe7 20. Raxc1 Re8
21. h3 Kf8 22. Rcd1 Be6 23. Rfe1 Rxa2 24. b4 Bxc3 25. Re2 Rxe2 26. Ng5 Bf5 27.
Nxh7+ Kg7 28. Ng5 Re1+ 29. Rxe1 Bxe1 30. g4 Bd3 31. f4 Rxe3 32. f5 gxf5 33. gxf5
Rg3+ 34. Kh2 Rxg5 35. h4 Rxf5 36. Kg1 Bxb4 37. Kg2 Be1 38. h5 b4 39. h6+ Kxh6
40. Kh1 Rg5 41. Kh2 Kh5 42. Kh3 Bd2 43. Kh2 Kh4 44. Kh1 Be4+ 45. Kh2 Bf4# 0-1

[Event "Challenge"]
[Site "http://www.queenalice.com/game.php?id=152964"]
[Date "2007.1.11"]
[Round "-"]
[White "Electric_Lettuce"]
[Black "maclaugh"]
[Result "1-0"]
[WhiteElo "1574"]
[BlackElo "1534"]

1. e4 e5 2. Nf3 f6 3. Nxe5 Qe7 4. d4 fxe5 5. dxe5 Qxe5 6. Bd3 Nf6 7. O-O Bc5 8.
Be3 Bxe3 9. fxe3 Qxb2 10. Nd2 Qb6 11. e5 Qxe3+ 12. Rf2 Nd5 13. Qh5+ Kd8 14. Rf1
Nc6 15. Qf7 Nce7 16. Nc4 Qd4 17. Kh1 d6 18. e6 Ne3 19. Qf8+ Rxf8 20. Rxf8# 1-0

[Event "Challenge"]
[Site "http://www.queenalice.com/game.php?id=152965"]
[Date "2007.1.11"]
[Round "-"]
[White "maclaugh"]
[Black "Electric_Lettuce"]
[Result "1-0"]
[WhiteElo "1520"]
[BlackElo "1596"]

1. d4 d5 2. e3 Nf6 3. Ne2 Bf5 4. Nbc3 Nc6 5. a3 e5 6. b4 a5 7. b5 exd4 8. Nxd4
Nxd4 9. Qxd4 Bxc2 10. Bd3 Bxd3 11. Qxd3 Bc5 12. O-O d4 13. exd4 Bxd4 14. Re1+
Kf8 15. Re2 Bxc3 16. Qxc3 Qd5 17. h3 Qxb5 18. Re5 Nd5 19. Qd4 Qd7 20. Qxd5 Qxd5
21. Rxd5 Ke7 22. a4 Rhd8 23. Ba3+ Ke6 24. Rh5 h6 25. Re1+ Kf6 26. Be7+ Kg6 27.
Bxd8 Kxh5 28. Bxc7 Ra6 29. g4+ Kg5 30. Re5+ Kh4 31. Kg2 g5 32. Bd8 f6 33. Re8 f5
34. f3 Rc6 35. Re2 fxg4 36. hxg4 Rc4 37. Bxa5 Rxa4 38. Be1# 1-0

[Event "wanna play?"]
[Site "http://www.queenalice.com/game.php?id=156907"]
[Date "2007.1.21"]
[Round "-"]
[White "shimella"]
[Black "maclaugh"]
[Result "0-1"]
[WhiteElo "1346"]
[BlackElo "1539"]

1. e4 e5 2. Nf3 d6 3. d3 f6 4. c4 Nc6 5. Be3 g5 6. h3 h5 7. Qa4 Ne7 8. Nc3 Bd7
9. Nd5 Nxd5 10. cxd5 Nd4 11. Nxd4 Bxa4 12. Ne6 Qd7 13. Nxf8 Rxf8 14. b3 Bb5 15.
O-O-O c6 16. dxc6 Qxc6+ 17. Kd2 Rc8 18. Bxa7 Qc2+ 19. Ke1 Qxa2 20. g4 Qxa7 21.
gxh5 Rc2 22. d4 exd4 23. Bxb5+ Ke7 24. h4 Qa5+ 25. Kf1 Qxb5+ 26. Kg2 Qe2 27.
Rxd4 Qxf2+ 28. Kh3 Qf3# 0-1

[Event "Challenge"]
[Site "http://www.queenalice.com/game.php?id=159799"]
[Date "2007.1.27"]
[Round "-"]
[White "hardbreaker"]
[Black "maclaugh"]
[Result "1-0"]
[WhiteElo "1766"]
[BlackElo "1551"]

1. Nf3 d5 2. d4 e6 3. Bf4 f6 4. e3 g5 5. Nxg5 fxg5 6. Qh5+ Kd7 7. Bxg5 Be7 8.
Qf7 Qf8 9. Qxf8 Bxf8 10. Bf4 b6 11. Be5 Nf6 12. Bxf6 Rg8 13. Rg1 Bb7 14. Bd3 Bd6
15. Nd2 Nc6 16. Bxh7 Rgf8 17. Bg5 Nb4 18. h4 c5 19. c3 Nc6 20. Nf3 cxd4 21. cxd4
Bb4+ 22. Kd1 Rac8 23. h5 Na5 24. Ne5+ Kd6 25. Bf4 Rxf4 26. exf4 Nc4 27. Nd3 a5
28. g4 Ba6 29. g5 Ke7 30. g6 Kf6 31. g7 Nd6 32. Rg6+ Kf5 33. Rc1 Rxc1+ 34. Nxc1
Ne4 35. Rg2+ Kxf4 36. g8=Q Nf6 37. Qg3# 1-0

[Event "Challenge"]
[Site "http://www.queenalice.com/game.php?id=163725"]
[Date "2007.2.5"]
[Round "-"]
[White "Electric_Lettuce"]
[Black "maclaugh"]
[Result "1-0"]
[WhiteElo "1580"]
[BlackElo "1547"]

1. e4 e5 2. Nc3 c6 3. d4 f6 4. dxe5 d6 5. f4 Ne7 6. exd6 Ng6 7. f5 Ne5 8. Bf4
Bxd6 9. Nf3 Nxf3+ 10. Qxf3 Qe7 11. O-O-O Ba3 12. bxa3 Qxa3+ 13. Kb1 Na6 14. Qh5+
g6 15. fxg6 Be6 16. g7+ Ke7 17. gxh8=Q Rxh8 18. Qh6 Qxc3 19. Qg7+ Bf7 20. Bd6+
Ke6 21. Qxh8 Nc5 22. Qxh7 Qb4+ 23. Kc1 Qxe4 24. Qxe4+ Nxe4 25. Bc4+ Kd7 26. Bxf7
Nxd6 27. Rhe1 Kc7 28. Re7+ Kd8 29. Re6 Kc7 30. Rdxd6 a5 31. Rxf6 a4 32. h4 a3
33. Be8 Kb6 34. Bxc6 bxc6 35. Rxc6+ Kb5 36. c3 Ka4 37. Kc2 Kb5 38. Kb3 Ka5 39.
Rc5# 1-0

[Event "Challenge"]
[Site "http://www.queenalice.com/game.php?id=163726"]
[Date "2007.2.5"]
[Round "-"]
[White "maclaugh"]
[Black "Electric_Lettuce"]
[Result "1-0"]
[WhiteElo "1532"]
[BlackElo "1595"]

1. d4 d5 2. c3 Nc6 3. Nd2 e5 4. e3 Qe7 5. g3 exd4 6. cxd4 Nxd4 7. Qa4+ Nc6 8.
Ngf3 Bd7 9. Bb5 a6 10. Bxc6 Bxc6 11. Qd4 O-O-O 12. Ne5 f6 13. Nxc6 bxc6 14. Qa7
f5 15. Qxa6+ Kd7 16. O-O Nf6 17. b3 Qb4 18. a4 Bc5 19. Qd3 Ne4 20. Rd1 d4 21.
Nxe4 fxe4 22. Qxe4 Qxb3 23. Bd2 Rhe8 24. Qf5+ Re6 25. Qxc5 dxe3 26. Bxe3+ Rd6
27. Rd4 Kc8 28. a5 Qb2 29. Rad1 Qb5 30. Qxb5 cxb5 31. a6 Rxd4 32. Rxd4 Rxd4 33.
Bxd4 b4 34. f4 Kb8 35. Bxg7 c5 36. Be5+ Ka7 37. Bd6 b3 38. Be5 Kxa6 39. f5 Kb5
40. f6 Kc6 41. f7 Kd5 42. Bb2 c4 43. f8=Q Ke4 44. Qb4 Kd5 45. h4 h5 46. Qb5+ Ke4
47. Qxc4+ Kf3 48. Qxb3+ Kg4 49. Kg2 Kf5 50. Qd5+ Kg6 51. Qe6+ 1-0

[Event "Challenge"]
[Site "http://www.queenalice.com/game.php?id=164571"]
[Date "2007.2.6"]
[Round "-"]
[White "maclaugh"]
[Black "shimella"]
[Result "1-0"]
[WhiteElo "1551"]
[BlackElo "1332"]

1. d4 e6 2. e4 d5 3. e5 Nc6 4. c3 f6 5. Nf3 fxe5 6. dxe5 Bc5 7. Qe2 Nge7 8. Bf4
O-O 9. g3 Nf5 10. Nbd2 b5 11. a3 Ba6 12. Ng5 h6 13. Nxe6 Qe7 14. Nxf8 Qxf8 15.
O-O-O Re8 16. Nb3 g5 17. Rg1 gxf4 18. gxf4+ Ng7 19. Qg4 Kf7 20. Nxc5 Bc8 21. Nd7
Bxd7 22. Qxd7+ Ne7 23. Bxb5 Rb8 24. c4 Rd8 25. Qxc7 Kg8 26. c5 Qxf4+ 27. Kb1
Qxf2 28. Qxd8+ Kf7 29. Rdf1 Qf5+ 30. Rxf5+ Nexf5 31. Qf6+ Kg8 32. Bd7 Nd4 33.
Qxg7# 1-0

[Event "Challenge"]
[Site "http://www.queenalice.com/game.php?id=175589"]
[Date "2007.3.1"]
[Round "-"]
[White "shimella"]
[Black "maclaugh"]
[Result "0-1"]
[WhiteElo "1324"]
[BlackElo "1558"]

1. e4 e5 2. c3 d6 3. Bc4 Nh6 4. d4 f6 5. Nf3 g5 6. h3 Nc6 7. d5 Na5 8. Bb5+ Bd7
9. a4 c6 10. Bd3 Qb6 11. O-O cxd5 12. exd5 Qc5 13. b4 Qxd5 14. bxa5 Qxa5 15. Be4
Bf5 16. Bxb7 Rb8 17. Bc6+ Kf7 18. Bd5+ Kg7 19. h4 Be7 20. hxg5 fxg5 21. Nxg5
Bxg5 22. Bxg5 Ng4 23. Be7 Qc7 24. Bxd6 Qxd6 25. Re1 Rhe8 26. f3 Nf6 27. Bc4 Qc5+
28. Kh2 Qxc4 29. Na3 Qxc3 30. Nc2 e4 31. Ra3 Qc7+ 32. g3 exf3 33. Rf1 Bxc2 34.
Qd4 Rbd8 35. Qh4 Rd2+ 36. Kg1 Rg2+ 37. Kh1 Qc5 38. Raxf3 Qc6 39. Qg4+ Nxg4 40.
Rf7+ Kg8 41. R7f4 Rxg3+ 42. R4f3 Qh6# 0-1

[Event "shimrah"]
[Site "http://www.queenalice.com/game.php?id=226111"]
[Date "2007.6.16"]
[Round "3"]
[White "shimrah"]
[Black "maclaugh"]
[Result "0-1"]
[WhiteElo "1448"]
[BlackElo "1565"]

1. e4 e5 2. Ne2 d6 3. d4 exd4 4. Nxd4 Ne7 5. Bc4 d5 6. exd5 Nxd5 7. Qe2+ Be7 8.
Be3 c5 9. Bb5+ Bd7 10. Bg5 O-O 11. Bxe7 Nxe7 12. Bxd7 Qxd7 13. c3 cxd4 14. O-O
d3 15. Qd1 Nf5 16. Nd2 Nc6 17. Qb3 g6 18. Ne4 Qe6 19. Qxe6 fxe6 20. Rad1 Rad8
21. Rd2 Ne5 22. Re1 Nc4 23. Nc5 Rd5 24. Nxe6 Nxd2 0-1

[Event "Memory Lane"]
[Site "http://www.queenalice.com/game.php?id=1596305"]
[Date "2020.1.14"]
[Round "-"]
[White "maclaugh"]
[Black "shimella"]
[Result "1-0"]
[WhiteElo "1576"]
[BlackElo "1177"]

1. d4 d5 2. e3 Nf6 3. f3 Nc6 4. c3 e6 5. b3 b5 6. Bxb5 Qd7 7. a4 a6 8. Bd3 Qd6
9. f4 Rb8 10. h3 Na5 11. Nd2 Ne4 12. Bxe4 dxe4 13. b4 Nc6 14. Nxe4 Qd5 15. Qd3
f5 16. Nc5 Qxg2 17. Ba3 Qxh1 18. O-O-O Qh2 19. Nf3 Qxh3 20. Ne5 Nxe5 21. dxe5
Kf7 22. Nd7 Bxd7 23. Qxd7+ Kg6 24. Qxe6+ Kh5 25. Kb2 Qxe3 26. Qxf5+ Kh4 27. Qg5+
Kh3 28. Rh1# 1-0

[Event "Rematch"]
[Site "http://www.queenalice.com/game.php?id=1614769"]
[Date "2020.6.1"]
[Round "-"]
[White "shimella"]
[Black "maclaugh"]
[Result "0-1"]
[WhiteElo "1175"]
[BlackElo "1578"]

1. e4 e5 2. Nf3 f6 3. d4 d6 4. c3 Nd7 5. Nbd2 c5 6. Bc4 Ne7 7. Be6 cxd4 8. cxd4
Nb6 9. Bxc8 Rxc8 10. Nb3 Qc7 11. O-O g6 12. Na5 Nbd5 13. dxe5 Qxa5 14. exd5 Nxd5
15. exd6 Bxd6 16. Qe2+ Ne7 17. Bd2 Qh5 18. Rfe1 Rc6 19. g3 O-O 20. Nh4 Be5 21.
Bb4 Re6 22. Rad1 Re8 23. f4 Nc6 24. a3 Bd4+ 25. Kf1 Rxe2 26. Rxe2 Qxe2# 0-1

[Event "Challenge 3"]
[Site "http://www.queenalice.com/game.php?id=1617611"]
[Date "2020.6.22"]
[Round "-"]
[White "maclaugh"]
[Black "shimella"]
[Result "1-0"]
[WhiteElo "1580"]
[BlackElo "1196"]

1. d4 d5 2. e3 c6 3. Bd3 e6 4. Ne2 Bb4+ 5. c3 Ba5 6. g3 f5 7. Nd2 Nf6 8. b4 Bc7
9. Nf4 Ne4 10. Bb2 Qf6 11. f3 Nf2 12. Kxf2 e5 13. Nh5 Qh6 14. f4 e4 15. Bf1 O-O
16. Nxg7 Qxg7 17. c4 Be6 18. cxd5 Bxd5 19. Bc4 b5 20. Bxd5+ cxd5 21. Qb3 a5 22.
Qxd5+ Qf7 23. Qxa8 axb4 24. d5 Qxd5 25. Qxd5+ Rf7 26. Qd4 Kf8 27. Qxb4+ Ke8 28.
Qxb5+ Nd7 29. Rhc1 Bd8 30. Rc8 Rf6 31. Bxf6 h5 32. Rxd8+ Kf7 33. Qxd7+ Kxf6 34.
Rf8+ Kg6 35. Qf7+ Kh6 36. Rh8# 1-0